Open Data Biblioteca Nacional de Portugal


República Portuguesa: Ministério da Cultura
Biblioteca Nacional de Portugal

Catálogo da BNP: acesso por Identificadores Unívocos
Registos Bibliográficos associados ao registo de autoridade

Etiqueta de registo: 00254nbm 2200025 450
001 2011908
003 http://id.bnportugal.gov.pt/bib/catbnp/2011908
100 ## $a20190121f1859 k y0pory01030103ba
101 0# $apor
102 ## $aPT
105 ## $ay z 000yy
106 ## $ah
200 1# $a [ Carta de Fontes Pereira de Melo sobre negociações para a formação de um governo chefiado pelo Duque da Terceira ]$bManuscrito]
210 #1 $d15 de Março [1859]
215 ## $aF. 103-104$d20 cm
300 ## $aOriginal
304 ## $aDocumento classificado como "Muito Confidencial", dirigida provavelmente a Joaquim António de Aguiar
307 ## $aF. 104 em branco
327 1# $aEncadernado em "Papéis vários do século XIX"
700 #1 $aMelo,$bFontes Pereira de,$f1819-1887$3118100
801 #0 $aPT$bBN$gRPC
966 ## $lBN$mRESMAN$sCOD. 9758//42
972 ## $e1$z0$d20230508$vanacris
997 ## $aBIBEOD

Etiqueta de registo: 00230nbm 2200025 450
001 1299079
003 http://id.bnportugal.gov.pt/bib/catbnp/1299079
101 0# $apor
102 ## $aPT
105 ## $ay z 000yy
106 ## $ah
200 1# $a [ Correpondência dirigida a António Maria de Fontes Pereira de Melo]
210 #1 $dSéc. XIX
215 ## $aCa. de 586 cartas
327 11 $aIntegra correspondência enviada por António de Serpa Pimentel, António Aluísio Jervis de Atouguia (Visconde de Atouguia), António José de Ávila (Marquês de Ávila e Bolama), José da Silva Mendes Leal, Duque de Saldanha, João de Andrade Corvo, Joaquim António de Aguiar, Visconde de Almeida Garrett, 2º Visconde de Samodães e José Bernardo da Silva Cabral (1º Conde de Tomar), entre outros
702 #1 $aMelo,$bFontes Pereira de,$f1819-1887$4660$3118100
801 #0 $aPT$bBN$gRPC
966 ## $lBN$mRESARQ$sFPM/Cx. 03
966 ## $lBN$mRESARQ$sPSS/FPM-Cx. 01-02$x2

Etiqueta de registo: 00478cam 2200169 450
001 807095
003 http://id.bnportugal.gov.pt/bib/catbnp/807095
005 19990110000000.0
095 ## $aPTBN00595238
100 ## $a19940517d1856 km a0pory0103 ba
101 0# $apor
102 ## $aPT
200 1# $aDiscursos do ministro da Fazenda$fAntónio Maria de Fontes Pereira de Melo
210 #9 $aLisboa$cImp. Nacional,$d1856
215 ## $a1 v.$d22 cm
700 #1 $aMelo,$bFontes Pereira de,$f1819-1887$3118100
801 #0 $aPT$bBN$gRPC
966 ## $lBN$mFGMON$sS.C. 10669 V.

Etiqueta de registo: 00864cam 2200181 450
001 763592
003 http://id.bnportugal.gov.pt/bib/catbnp/763592
005 19990109000000.0
095 ## $aPTBN00550989
100 ## $a19940216d1856 km y0pory0103 ba
101 0# $apor
102 ## $aPT
200 1# $aRefutação analytica do relatorio, medidas financeiras e contractos sobre caminhos de ferro que apresentou à Camara dos Srs. Deputados em sessão de 8 e 29 de Fevereiro do corrente anno$fAntonio Maria Fontes Pereira de Mello
210 #9 $aLisboa$cTyp. Joaquim Germano de Sousa Neves,$d1856
215 ## $a1 v$d23 cm
500 10 $aRefutação analítica do relatório, medidas financeiras e contratos sobre caminhos de ferro que apresentou à Câmara dos Senhores Deputados em sessões de 8 e 29 de Fevereiro do corrente ano
700 #1 $aMelo,$bFontes Pereira de,$f1819-1887$3118100
801 #0 $aPT$bBN$gRPC
966 ## $lBN$mFGMON$sS.C. 7730//12 V.
997 ## $aBIBEOD

Etiqueta de registo: 00910cam 2200193 450
001 761871
003 http://id.bnportugal.gov.pt/bib/catbnp/761871
005 19990109000000.0
095 ## $aPTBN00549266
100 ## $a19940208d1856 km y0pory0103 ba
101 0# $apor
102 ## $aPT
105 ## $ay z 000yy
106 ## $ar
200 0# $aRefutação analytica do relatorio, medidas financeiras, e contractos sobre caminhos de ferro, que apresentou á Camara dos Srs. Deputados, em sessões de 8 e 29 de Fevereiro do corrente anno o Exm. Sr. António Maria de Fontes Pereira de Mello, pedindo á mesma camara a approvação de taes medidas e contractos
210 #9 $aLisboa$cTip. Joaquim Germano de Sousa Neves,$d1856
215 ## $a66, [3] p.$d24 cm
518 1# $aRefutação analítica do relatório, medidas financeiras, e contratos sobre caminhos de ferro, que apresentou á Câmara dos Senhores Deputados, em sessões de 8 e 29 de Fevereiro do corrente ano o Excelentísssimo Senhor António Maria de Fontes Pereira de Melo, pedindo á mesma camara a aprovação de tais medidas e contratos
675 ## $a338.47(469)"1856"(049.2)$vBN$zpor$31246556
675 ## $a656.23(469)"1856"(049.2)$vBN$zpor$31246557
700 #1 $aMelo,$bFontes Pereira de,$f1819-1887$3118100
801 #0 $aPT$bBN$gRPC
966 ## $lBN$mFGMON$sS.C. 7730//12 V.
966 ## $lBN$mFGMON$sS.C. 104674 V.
966 ## $lBN$mMICROF$sF.G. 1434
997 ## $aBIBEOD

Etiqueta de registo: 01989ccc 02200445 04500
001 558038
003 http://id.bnportugal.gov.pt/bib/catbnp/558038
100 ## $a19950831d1873 k y0pory01030103ba
101 0# $apor
102 ## $aPT
106 ## $ar
200 0# $aTriumpho Liberal$bMúsica impressa]$emarcha Commemorativa do dia 24 de Julho de 1833$fpor C. A. P. Bramão, op. 50
210 #9 $aLisboa$cFigueiredo,$d[1873]
215 ## $aPartitura (4 p.)$d33 cm
300 ## $aConsagrada em testemunho de respeito e consideração ao Ex.mo Sñr A.M. de Fontes Pereira de mello
316 ## $aRegisto de propriedade artística musical no Conservatório Real de Lisboa: n.º 76, de 14 Jul. 1873$5PTBN: C.N. 6 A.
317 ## $aColeção Ivo Cruz$5PTBN: C.I.C. 61 A.
317 ## $aConservatório Nacional$5PTBN: C.N. 6 A.-C.N. 243 A.
500 10 $aTriunfo liberal
501 1# $aMarchas,$rpf,$sop. 50,$uMi ¬ maior
517 1# $aMarcha comemorativa do dia 24 de Julho de 1833
606 ## $aMúsica para piano$zSéc. 19$j[Música impressa]$2SIPOR$31051965
675 ## $a78.084$vBN$zpor$3519129
675 ## $a786.2(=1:469)$vBN$zpor$31387138
675 ## $a78.089.6$vBN$zpor$3536969
700 #1 $aBramão,$bCarlos Augusto Pereira,$f1835-1874$3189511
702 #1 $aMelo,$bFontes Pereira de,$f1819-1887$4280$3118100
702 #1 $94$aFigueiredo,$bJosé de,$ffl. 187-$4650$31304161
702 #1 $aCruz,$bIvo,$f1901-1985$4390$349329
712 01 $aPortugal.$bConservatório Real de Lisboa$4570$384010
712 01 $aPortugal.$bConservatório Nacional.$bEscola de Música$4390$31172174
801 #0 $aPT$bBN$gRPC
856 40 $uhttps://purl.pt/47348
856 41 $uhttps://purl.pt/47348/service/media/cover/low
856 49 $uhttps://purl.pt/47348/service/media/pdf$qapplication/pdf
958 ## $aBND$bLivre$cDigitalizado$d1$ehttps://purl.pt/47348/service/media/cover/max
966 ## $lBN$mMUSICA$nCol. Ivo Cruz$sC.I.C. 61 A. $x2
966 ## $lBN$mMUSICA$sC.N. 6 A. $x7
966 ## $lBN$mMUSICA$sC.N. 243 A. $x7
995 ## $aPRR2022 $d20231115$idfontes$zBND

Etiqueta de registo: 00901cam 2200253 450
001 604272
003 http://id.bnportugal.gov.pt/bib/catbnp/604272
005 19990104000000.0
095 ## $aPTBN00814570
100 ## $a19960601d1866 m y0pory0103 ba
101 0# $apor
102 ## $aPT
106 ## $ar
200 1# $aDiscurso acerca dos impostos de consumo...$fpelo António Maria de Fontes Pereira de Mello
210 #9 $aLisboa$cTyp. da Gazeta de Portugal,$d1866
215 ## $a62 p.$d21 cm
700 #1 $aMelo,$bFontes Pereira de,$f1819-1887$3118100
801 #0 $aPT$bBN$gRPC
856 40 $uhttps://purl.pt/30068
856 41 $uhttps://purl.pt/30068/service/media/cover/low
856 49 $uhttps://purl.pt/30068/service/media/pdf$qapplication/pdf
958 ## $aBND$bLivre$cDigitalizado$d1$ehttps://purl.pt/30068/service/media/cover/max
966 ## $lBN$mFGMON$sS.C. 10740//16 P.
966 ## $lBN$mFGMON$sS.C. 12799//1 P.

Etiqueta de registo: 00230nbm 2200025 450
001 1765245
003 http://id.bnportugal.gov.pt/bib/catbnp/1765245
100 ## $a20110404d18731885k y0pory0103 ba
105 ## $ay---z---000yy
200 1# $a[Correspondência dirigida a António Maria de Fontes Pereira de Melo por diferentes personalidades]
210 #1 $dSéc. XIX
215 ## $a155 documentos
304 ## $aConjunto de cartas e bilhetes dirigidos a António Maria Fontes Pereira de Melo (1819-1887), de proveniências diversas (informadores, amigos, opositores), por vezes encontram-se identificados os nomes dos autores da correspondência, embora sem grande relevo no panorama político. Parte dos documentos apresenta conteúdo de cariz contestatário
306 ## $aParte das cartas têm indicação de data: 1873, 1879, 1881, 1882 e 1885
702 #1 $aMelo,$bFontes Pereira de,$f1819-1887$4660$3118100
801 #0 $aPT$bBN$gRPC
966 ## $lBN$mRESARQ$nLeilão Liv. Antiquária do Calhariz, 6-7 Dez., lotes nº 472-475$sPSS/FPM-Cx. 03$x2

Etiqueta de registo: 00230nbm 2200025 450
001 1696801
003 http://id.bnportugal.gov.pt/bib/catbnp/1696801
100 ## $a20091223j18591028k--y0pory0103 ba
101 0# $apor
102 ## $aPT
106 ## $ah
200 1# $a [ Ofício do Ministro do Reino, António Maria Fontes Pereira de Melo, para o Visconde da Carreira, determinando que, no exercício do ofício de Camareiro Mor no qual havia sido investido, acompanhe o Rei na Sessão Real de abertura das Cortes Gerais Ordinárias, a realizar a 4 de Novembro de 1859, cumprindo nas competências próprias o programa da referida solenidade]
210 #1 $aPaço das Necessidades,$dem 28 de Outubro de 1859
215 ## $a[1] f.$d272x215 mm
300 ## $aOriginal com assinatura autógrafa
327 1# $aEm anexo, decreto com aprovação do Programa da Sessão Real de abertura das Cortes Gerais Ordinárias, datado de 28 de Outubro de 1859
700 #1 $aMelo,$bFontes Pereira de,$f1819-1887$3118100
702 #0 $aCarreira,$cConde da,$f1787-1871$4660$335694
711 01 $aPortugal.$bMinistério do Reino.$bDirecção Geral da Administração Política$31404611
801 #0 $aPT$bBN$gRPC
966 ## $lBN$mRESMAN$pLeilão Nuno Gonçalves de 25/10/2008; lote nº 273; 33,00{20AC}$sMSS. 261, n. 23 $x2
972 ## $e1$z0$d20230508$vanacris

Etiqueta de registo: 00524cam 22001691i 450
001 1188438
003 http://id.bnportugal.gov.pt/bib/catbnp/1188438
100 ## $a20020102d1954 m y0pory010305 ba
101 0# $apor
102 ## $aMZ
200 1# $a As pérolas finas selvagens e de cultura e os bancos perolíferos do Ultramar Português$fProf. Fontes de Melo
210 #9 $aLourenço Marques$c[s.n.]$d1954
215 ## $ap. 143-174, 2 fl.$cil.$d23 cm
305 ## $aSep. do Boletim, 91
700 #1 $aMelo,$bFontes Pereira de,$f1819-1887$3118100
801 #0 $aPT$bBN
801 #1 $aFR$bJOUVE
966 ## $lBN$mFGMON$sS.A. 18605 V.$x0
997 ## $aBIBEOD

Etiqueta de registo: 01322nbm 2200277 450
001 1903949
003 http://id.bnportugal.gov.pt/bib/catbnp/1903949
100 ## $a20150622f18551900k y0pory01030103ba
101 0# $apor
102 ## $aPT
105 ## $ay z 000yy
106 ## $ah
200 1# $a [ Cartas de Fontes Pereira de Melo a diversos destinatários]$bManuscrito]
210 #1 $d[Ca 1855]
215 ## $a[14] f.$d22 cm
300 ## $aOriginais assinados
306 ## $aA única carta datada corresponde ao nº 131: " Paris, 27 de Novembro de 1855"
307 ## $aAlgumas cartas foram escritas em papel tarjado de preto
327 1# $aDoc. n. 129: refere a necessidade de financiar a viagem de António José de Ávila, 1º duque de Ávila e Bolama, a Paris, mencionando a construção do caminho de ferro de Badajoz; doc. n. 131: trata das negociações em Paris e Londres para obtenção de fundos para a construção do caminho de ferro
700 #1 $aMelo,$bFontes Pereira de,$f1819-1887$3118100
801 #0 $aPT$bBN$gRPC
856 40 $uhttps://purl.pt/27693
856 41 $uhttps://purl.pt/27693/service/media/cover/low
856 49 $uhttps://purl.pt/27693/service/media/pdf$qapplication/pdf
958 ## $aBND$bLivre$cDigitalizado$d1$ehttps://purl.pt/27693/service/media/cover/max
966 ## $lBN$mRESMAN$sMSS. 169, n. 129-134

Etiqueta de registo: 00269ncm 2200145 450
001 1988297
003 http://id.bnportugal.gov.pt/bib/catbnp/1988297
100 ## $a20180416d1851 k y0pory01030103ba
101 0# $apor
102 ## $aPT
200 1# $aNovo Hymno$bMúsica impressa]$ededicado e oferecido ao Ex.mo Snr. A. M. de Fontes Pereira de Mello$fcomposto por J. F. Arroyo$gpoesia de G. Leal
210 #9 $aPorto:$cLit de Villa Nova$d [ 1851]
215 ## $aPartitura (4 p)$d37 cm
500 1# $aHinos,$lV, pf
606 ## $aHinos políticos$j[Música impressa]$2SIPOR$31364658
675 ## $a78.089.6$vBN$zpor$3536969
675 ## $a784.71$vBN$zpor$3378889
675 ## $vBN$zpor$3357879
700 #1 $aArroio,$bJosé Francisco,$f1818-1886$31048707
702 #1 $aLeal,$bGomes,$f1848-1921$4520$344294
702 #1 $aMelo,$bFontes Pereira de,$f1819-1887$4280$3118100
801 #0 $aPT$bBN$gRPC
966 ## $lBN$mMUSICA$sM.P. 5298 A.$x6

Etiqueta de registo: 00254nbm 2200025 450
001 2010980
003 http://id.bnportugal.gov.pt/bib/catbnp/2010980
100 ## $a20190111d1860 k y0pory01030103ba
101 0# $apor
102 ## $aPT
105 ## $ay z 000yy
106 ## $ah
200 1# $a [ Carta de Fontes Pereira de Melo a Joaquim António de Aguiar, solicitando ao destinatário que compareça em sua casa]$bManuscrito]
210 #1 $d30 Abril [1860]
215 ## $aF. 71-72$d21 cm
300 ## $aOriginal
327 11 $aApontamentos de Joaquim António de Aguiar sobre o convite que lhe foi feito por Fontes Pereira de Melo para assumir a presidência do governo$aEncadernado em "Papéis vários do século XIX"
700 #1 $aMelo,$bFontes Pereira de,$f1819-1887$3118100
702 #1 $aAguiar,$bJoaquim António de,$f1792-1874$4660$32826
801 #0 $aPT$bBN$gRPC
966 ## $lBN$mRESMAN$sCOD. 9758//26
972 ## $e1$z0$d20230508$vanacris
997 ## $aBIBEOD

Etiqueta de registo: 00254nbm 2200025 450
001 2011898
003 http://id.bnportugal.gov.pt/bib/catbnp/2011898
100 ## $a20190121d1860 k y0pory01030103ba
101 0# $apor
102 ## $aPT
105 ## $ay z 000yy
106 ## $ah
200 1# $a [ Ofício do Ministério do Reino, assinado por Fontes Pereira de Melo, dirigido a Joaquim António de Aguiar, a comunicar a data e hora a que deverá comparecer no Paço para prestar juramento como Conselheiro de Estado Efetivo]$bManuscrito]
210 #1 $aPaço das Necessidades,$d4 de Maio de 1860
215 ## $aF. 102$d27 cm
300 ## $aOriginal
327 11 $aEncadernado em "Papéis vários do século XIX"
701 #1 $aMelo,$bFontes Pereira de,$f1819-1887$3118100
702 #1 $aAguiar,$bJoaquim António de,$f1792-1874$4660$32826
801 #0 $aPT$bBN$gRPC
966 ## $lBN$mRESMAN$sCOD. 9758//41
972 ## $e1$z0$d20230508$vanacris
997 ## $aBIBEOD

Etiqueta de registo: 00254nbm 2200025 450
001 2011897
003 http://id.bnportugal.gov.pt/bib/catbnp/2011897
100 ## $a20190121d1860 k y0pory01030103ba
101 0# $apor
102 ## $aPT
105 ## $ay z 000yy
106 ## $ah
200 1# $a [ Ofício do Ministério do Reino, assinado por Fontes Pereira de Melo, dirigido a Joaquim António de Aguiar, remetendo-lhe o decreto pelo qual foi nomeado Conselheiro de Estado Efetivo]$bManuscrito]
210 #1 $aPaço das Necessidades,$d30 de Abril de 1860
215 ## $aF. 101$d27 cm
300 ## $aOriginal
327 1# $aEncadernado em "Papéis vários do século XIX"
701 #1 $aMelo,$bFontes Pereira de,$f1819-1887$3118100
702 #1 $aAguiar,$bJoaquim António de,$f1792-1874$4660$32826
801 #0 $aPT$bBN$gRPC
966 ## $lBN$mRESMAN$sCOD. 9758//40
972 ## $e1$z0$d20230508$vanacris
997 ## $aBIBEOD

Etiqueta de registo: 00254nbm 2200025 450
001 2012200
003 http://id.bnportugal.gov.pt/bib/catbnp/2012200
100 ## $a20190123d1860 k y0pory01030103ba
101 0# $apor
102 ## $aPT
105 ## $ay z 000yy
106 ## $ah
200 1# $a [ Ofício da Direção Geral da Administração Pública, assinado por Fontes Pereira de Melo, dirigido a Joaquim António de Aguiar a remeter-lhe o decreto pelo qual foi nomeado Presidente do Conselho de Ministros]$bManuscrito]
210 #1 $aPaço das Necessidades,$d1 de Maio de 1860
215 ## $aF. 121$d27 cm
300 ## $aOriginal
327 1# $aEncadernado em "Papéis vários do século XIX"
701 #1 $aMelo,$bFontes Pereira de,$f1819-1887$3118100
702 #1 $aAguiar,$bJoaquim António de,$f1792-1874$4660$32826
801 #0 $aPT$bBN$gRPC
966 ## $lBN$mRESMAN$sCOD. 9758//52
972 ## $e1$z0$d20230508$vanacris
997 ## $aBIBEOD

Etiqueta de registo: 00862cam 2200193 450
001 825485
003 http://id.bnportugal.gov.pt/bib/catbnp/825485
005 19990125000000.0
095 ## $aPTBN00477946
100 ## $a19930823d1871 m a0pory0103 ba
101 0# $apor
102 ## $aPT
200 0# $aSegunda carta dirigida em 26 de Outubro de 1871 ao Exmo. Senhor Conselheiro d'Estado Antonio Maria de Fontes Pereira de Mello... acerca das possessões de Africa com a Metropole...$fRicardo Knowles
210 #9 $aLisboa$cImp. Nacional,$d1871
215 ## $a12 p.$d23 cm
305 1# $aObra relacionada: Carta dirigida em 23 de Outubro de 1871 ao... Conselheiro de Estado António Maria de Fontes Pereira de Melo... Lisboa : Imp. Nacional, 1871
316 ## $aExemplar encadernado em miscelânea.$5PTBN: O.C. 117//5
317 ## $aCol. Opúsculos Coloniais, de Ernesto de Vilhena, adquirida em 1998.$5PTBN: O.C. 117//5
518 1# $aSegunda carta dirigida em 26 de Outubro de 1871 ao... Conselheiro de Estado António Maria de Fontes Pereira de Melo... acerca das possessões de África com a Metrópole...
600 #1 $aMelo,$bFontes Pereira de,$f1819-1887$2SIPOR$3118100
606 ## $aComércio$yÁfrica$2SIPOR$31816259
700 #1 $aKnowles,$bRicardo,$ffl 1871$3103809
801 #0 $aPT$bBN$gRPC
966 ## $lBN$mFGMON$nEm mau estado$sS.C. 7830//9 V.
966 ## $lBN$mFGMON$sS.C. 11484//9 P.

Etiqueta de registo: 00555cam 2200181 450
001 464966
003 http://id.bnportugal.gov.pt/bib/catbnp/464966
005 19990101000000.0
095 ## $aPTBN00667514
100 ## $a19941028d1898 m y0pory0103 ba
101 0# $apor
102 ## $aPT
200 1# $aCarta ao... Marquez de Fontes Pereira de Mello$fF. Meyrelles do Canto
210 #9 $aLisboa$cTyp. Comp. Nacional Editora,$d1898
215 ## $a38 p.$d24 cm
316 ## $aExemplar encadernado em miscelânea.$5PTBN: O.C. 85//6
317 ## $aCol. Opúsculos Coloniais, de Ernesto de Vilhena, adquirida em 1998.$5PTBN: O.C. 85//6
500 10 $aCarta ao Marquês de Fontes Pereira de Melo
600 #1 $aMelo,$bFontes Pereira de,$f1819-1887$2SIPOR$3118100
607 ## $aMoçambique$xColonização portuguesa$2SIPOR$3109622
700 #0 $aCastro,$cFrancisco Meireles do Canto e,$cVisconde de Meireles,$f1850-1915$391466
702 #1 $aVilhena,$bErnesto Jardim de,$f1876-1967$4390$3118726
801 #0 $aPT$bBN$gRPC
966 ## $lBN$mFGMON$nEm mau estado$sS.C. 7836//2 V.
997 ## $aBIBEOD

Etiqueta de registo: 00254nbm 2200025 450
001 2084069
003 http://id.bnportugal.gov.pt/bib/catbnp/2084069
100 ## $a20211108d1851 k y0pory01030103ba
101 0# $apor
102 ## $aPT
105 ## $ay z 000yy
106 ## $ah
200 1# $a [ Ofício de John Thompson, segundo-tenente e capitão do porto de São Martinho, a António Maria de Fontes Pereira de Melo, ministro e secretário de Estado dos Negócios da Marinha e Ultramar, informando que fora construído na praia da Vieira, no rio Lis, um iate denominado Maria Umbelina]$bManuscrito]
210 #1 $aCapitania do Porto de S. Martinho,$d5 de Setembro 1851
215 ## $a[1] f.$d33 cm
300 ## $aOriginal com assinatura
307 ## $aÀ cabeça acrescentado a vermelho "Nº 859 = 1851 9/9"
317 ## $aIntegra o fundo com documentação de várias tipologias, relativa à administração colonial e de marinha, proveniente das dependências do Ministério da Marinha, no Arsenal de Lisboa, anexado em 1889 à Biblioteca Nacional. Em 1901 constituiu-se, em regime de depósito, a Secção do Arquivo de Marinha e Ultramar, criada por Decreto-Lei de 24 de Dezembro desse mesmo ano. Grande parte da documentação transitou depois para o Arquivo Histórico Ultramarino à data da criação deste, pelo decreto de 9 de Junho de 1931
321 ## $aReferido em: Guia Preliminar dos Fundos de Arquivo da Biblioteca Nacional. Lisboa: IBNL, 1994. P. 70
327 11 $aO iate pertencia a Joaquim de Oliveira e Sousa e a Rodrigo de Oliveira e Sousa, naturais da Marinha Grande. O ofício apresenta uma descrição pormenorizada do navio.
702 #1 $aMelo,$bFontes Pereira de,$f1819-1887$4660$3118100
712 01 $aPortugal.$bMinistério da Marinha e Ultramar$31826743
801 #0 $aPT$bBN$gRPC
966 ## $lBN$mRESARQ$sMMU Cx. 1, M. 1, n. 10

Etiqueta de registo: 00885cam 2200193 450
001 825482
003 http://id.bnportugal.gov.pt/bib/catbnp/825482
005 19990125000000.0
095 ## $aPTBN00477943
100 ## $a19930823d1871 m a0pory0103 ba
101 0# $apor
102 ## $aPT
200 0# $aCarta dirigida em 23 de Outubro de 1871 ao Exmo. Senhor Conselheiro d'Estado Antonio Maria de Fontes Pereira de Mello... acerca da navegação e comercio das possessões de Africa com a Metropole...$fRicardo Knowles
210 #9 $aLisboa$cImp. Nacional,$d1871
215 ## $a36 p.$d23 cm
305 ## $aObra relacionada: Segunda carta dirigida em 26 de Outubro de 1871 ao... Conselheiro de Estado António Maria de Fontes Pereira de Melo... Lisboa : Imp. Nacional, 1871
316 ## $aExemplar encadernado em miscelânea.$5PTBN: O.C. 117//4
317 ## $aCol. Opúsculos Coloniais, de Ernesto de Vilhena, adquirida em 1998.$5PTBN: O.C. 117//4
500 10 $aCarta dirigida em 23 de Outubro de 1871 ao... Conselheiro de Estado António Maria de Fontes Pereira de Melo... acerca da navegação e comércio das possessões de África com a Metrópole...
600 #1 $aMelo,$bFontes Pereira de,$f1819-1887$2SIPOR$3118100
606 ## $aComércio$yÁfrica$2SIPOR$31816259
700 #1 $aKnowles,$bRicardo,$ffl 1871$3103809
702 #1 $aVilhena,$bErnesto Jardim de,$f1876-1967$4390$3118726
801 #0 $aPT$bBN$gRPC
966 ## $lBN$mFGMON$sS.C. 11392//1 P.
966 ## $lBN$mFGMON$sS.C. 11484//8 P.

Etiqueta de registo: 00254nbm 2200025 450
001 2090742
003 http://id.bnportugal.gov.pt/bib/catbnp/2090742
100 ## $a20220127d1852----k z0pory01030103ba
101 0# $apor
102 ## $aPT
105 ## $ay z 000yy
106 ## $ah
200 1# $a [ Carta de agradecimento enviada pelo presidente da Associação Comercial do Porto, Barão de Massarelos, e pelo secretário da mesma Associação, Alexandre Soares Pinto de Andrade, e por mais quarenta e duas pessoas, cujas assinaturas figuram nesta carta, ao Ministro e Secretário de Estado dos Negócios da Fazenda, António Maria de Fontes Pereira de Melo, pelo acto legislativo que extinguiu a Roda do Sal, pedindo ao Ministro da Fazenda para aceitar uma medalha que tinha a honra de enviar]$bManuscrito]
210 #1 $aPorto,$d1852, Setembro, 1
215 ## $a[2] f.$d348x221 mm
307 ## $aLigeiro dano por ação da tinta ferrogálica
321 1# $aGuia Preliminar dos Fundos de Arquivo da Biblioteca Nacional. Lisboa: IBNL, 1993. P. 177-178
620 ## $dPorto
700 #1 $aAndrade,$bAlexandre Soares Pinto de,$f?-1884$31833099
702 #1 $aMelo,$bFontes Pereira de,$f1819-1887$4660$3118100
801 #0 $aPT$bBN$gRPC
966 ## $lBN$mRESARQ$sA.C. 1518
995 ## $aPRRMSS23 $d20230301$idfontes$zBND
997 ## $aBIBEOD

Etiqueta de registo: 00254nam 2200025 450
001 2101103
003 http://id.bnportugal.gov.pt/bib/catbnp/2101103
100 ## $a20220530d1898 m y0pory01030103ba
101 0# $afre$cpor
102 ## $aPT
105 ## $ay z 000yy
106 ## $ar
200 1# $aContrat pour la ligne de Beira-Sena$esigné a Paris de 29 avril 1898$fpar M. ... Fontes Pereira de Mello... et M. Henri Porcheron
210 #9 $a[S.l.$cs.n.$d1898]$g(L.-Impr. réunies, Motteroz)
215 ## $a16 p.$d20 cm
316 ## $aExemplar encadernado em miscelânea$5PTBN: O.C. 202//4
317 ## $aCol. Opúsculos Coloniais, de Ernesto de Vilhena, adquirida em 1998$5PTBN: O.C. 202//4
606 ## $aVias férreas$yMoçambique$2SIPOR$31817195
701 #1 $aPorcheron,$bHenri,$ffl. 1898$4070$31848011
702 #1 $aMelo,$bFontes Pereira de,$f1819-1887$4570$3118100
702 #1 $aVilhena,$bErnesto Jardim de,$f1876-1967$4390$3118726
710 02 $aCompanhia de Moçambique,$c1878$3102573
801 #0 $aPT$bBN$gRPC
971 ## $cclaraa$d20220530

Etiqueta de registo: 00254nbm 2200025 450
001 2145994
003 http://id.bnportugal.gov.pt/bib/catbnp/2145994
100 ## $a20231011d1884 k y0pory01030103ba
101 0# $apor
102 ## $aPT
105 ## $ay z 000yy
106 ## $ah
200 1# $a [ Cartas de António Maria Fontes Pereira de Melo para D. Luís I, referindo que o Rei de Itália apoiava as resistências portuguesas na Conferência de Berlim, entre outros assuntos]$bManuscrito]
210 #1 $aLisboa,$d1884
215 ## $a3 cartas ([7] f.)$d25 cms
300 ## $aAutógrafos assinados
307 ## $aFólios 3 e 7 em branco
317 ## $aIntegra a doação que Jorge de Moser (1906-1971) fez em 1971 à Biblioteca Nacional, constituída por documentação de carácter arquivístico assim como uma colecção de códices e manuscritos avulsos
321 ## $aReferido em: Inventário da Colecção Jorge de Moser / Biblioteca Nacional. Lisboa, 1974, p. 30
327 11 $aTrês cartas dirigidas a D. Luís, em que Fontes Pereira de Melo refere que o Ministro dos Negócios Estrangeiros o encarregara de pedir ao rei que escrevesse urgentemente ao rei de Itália, solicitando que o seu representante em Berlim apoiasse as resistências portuguesas na sustentação dos direitos da coroa de Portugal nos territórios do Zaire na Conferência (f. 1)$a Pede que lhe seja enviada a pasta com as reformas políticas, e informa que Correia de Barros, Presidente da Câmara do Porto, procurará nesse dia D. Luís (f. 3)$aInforma que o Ministro dos Negócios Estrangeiros está disposto da ficar no Governo enquanto não se resolve a crise com o Parlamento; mesmo deverá suceder com os ministros da Justiça e da Fazenda, para evitar o efeito que a crise pode provocar na opinião pública. 12 de Outubro de 1884 (f. 6)
700 #1 $aMelo,$bFontes Pereira de,$f1819-1887$3118100
702 #1 $aMoser,$bJorge de,$f1906-1971$4390$3306704
712 01 $aPortugal.$bRei,$c1861-1889 (Luís I)$4660$310975
801 #0 $aPT$bBN$gRPC
966 ## $lBN$mRESARQ$sC.J.M. 490 $x3
971 ## $cjcapela$d20231011
972 ## $e2$z0$d20260317$vanacris

Etiqueta de registo: 00254nbm 2200025 450
001 2161187
003 http://id.bnportugal.gov.pt/bib/catbnp/2161187
100 ## $a20240314g18811886m y0pory01030103ba
101 0# $aporeng
102 ## $aPT$aFR
105 ## $ay z 000yy
106 ## $ah
200 1# $a [ Cartas dirigidas ao 2º Visconde de Valmor, Fausto de Queirós Guedes, por diversos remetentes]$bManuscrito]
210 #9 $d1881-1886
215 ## $a[43] f.$d23 cm
300 ## $aOriginais autógrafos
307 ## $aAlgumas missivas em papel timbrado
327 11 $aConjunto de 23 cartas dirigidas a Fausto de Queirós Guedes, 2º Visconde de Valmor, por diversos remetentes: Barros Gomes, cartas de Lisboa, de 1886 (n. 166-169); António Augusto de Aguiar, cartas de Lisboa, de 1883, 1884 e 1886 (n. 170-177); Francisco da Veiga Beirão, cartas de 1881 (n. 178-179); Luís Henriques de Faria Pereira Saldanha e Lancastre, 3º Conde das Alcáçovas, cartas de Lisboa e Paço d'Arcos, de 1881 e 1882 (n. 180-185); Fontes Pereira de Melo, cartas de Lisboa, de 1882 e 1883 (n. 186-187); António de Serpa, carta de 1882 (n. 188)
700 #1 $aGomes,$bHenrique de Barros,$f1843-1898$335817
701 #1 $aAguiar,$bAntónio Augusto de,$f1838-1887$4070$32635
701 #1 $aBeirão,$bVeiga,$f1841-1916$4070$3103736
701 #1 $aLancastre,$bLuís Henriques de Faria Pereira Saldanha e,$c3º Conde das Alcáçovas,$f1846-1892$4070$31910431
701 #1 $aMelo,$bFontes Pereira de,$f1819-1887$4070$3118100
701 #1 $aPimentel,$bAntónio de Serpa,$f1825-1900$4070$386230
702 #1 $aValmor,$cVisconde de,$f1837-1898$4660$31747641
801 #0 $aPT$bBN$gRPC
966 ## $lBN$mRESMAN$sMSS. 147, n. 166-188 $x2
971 ## $cpmesqui$d20240314
997 ## $aBIBEOD

OpendataBNP@bnportugal.pt | Mais informação sobre acesso aos dados BNP